00943nam a22002057a 450000500170000000800410001702000220005804000140008008200250009424501610011926400570028030000610033765000400039865000330043870000480047170000500051994200150056999900190058495201340060320220805090715.0220804s2014 mx ||||f |||| 00| 0 spa d a978-607-7673-37-8 cCHAPerda 222a712.6097248bA72 aArquitectura regional :bla hacienda poblana y su potencial turístico de desarrollo local /ccoordinado por Gonzalo Yanes Díaz y Serafín Ríos Elorza 1aTlaxcala, México :bEl Colegio de Tlaxcala,c2014. a237 páginas :bmapas, cuadros, figuras, fotografías. 09185321aHaciendaszPueblaxHistoria 09185322aArquitecturazPuebla0 9122975aYanes Díaz, Gonzaloecoordinador. 9175376aRíos Elorza, Serafínecoordinador 2ddccLIBRO c217547d217547 00102ddc4052708GRALaBCbBCcPP_GRALd2022-08-04l0o712.6097248 A72p33724002563983r2022-08-04 00:00:00w2022-08-04yLIBRO